<?xml version="1.0" encoding="UTF-8"?><?xml-stylesheet type="text/xsl" href="static/style.xsl"?><OAI-PMH xmlns="http://www.openarchives.org/OAI/2.0/" xmlns:xsi="http://www.w3.org/2001/XMLSchema-instance" xsi:schemaLocation="http://www.openarchives.org/OAI/2.0/ http://www.openarchives.org/OAI/2.0/OAI-PMH.xsd"><responseDate>2026-06-04T06:30:25Z</responseDate><request verb="GetRecord" identifier="oai:recam.amb.cat:20.500.14439/1901" metadataPrefix="marc">https://recam.amb.cat/rest/oai/request</request><GetRecord><record><header><identifier>oai:recam.amb.cat:20.500.14439/1901</identifier><datestamp>2025-01-22T11:25:24Z</datestamp><setSpec>com_20.500.14439_2671</setSpec><setSpec>com_20.500.14439_124</setSpec><setSpec>col_20.500.14439_4209</setSpec></header><metadata><record xmlns="http://www.loc.gov/MARC21/slim" xmlns:dcterms="http://purl.org/dc/terms/" xmlns:xsi="http://www.w3.org/2001/XMLSchema-instance" xmlns:doc="http://www.lyncode.com/xoai" xsi:schemaLocation="http://www.loc.gov/MARC21/slim http://www.loc.gov/standards/marcxml/schema/MARC21slim.xsd">
   <leader>00925njm 22002777a 4500</leader>
   <datafield ind2=" " ind1=" " tag="042">
      <subfield code="a">dc</subfield>
   </datafield>
   <datafield ind2=" " ind1=" " tag="720">
      <subfield code="a">Àrea Metropolitana de Barcelona</subfield>
      <subfield code="e">author</subfield>
   </datafield>
   <datafield ind2=" " ind1=" " tag="720">
      <subfield code="a">Institut Cerdà</subfield>
      <subfield code="e">author</subfield>
   </datafield>
   <datafield ind2=" " ind1=" " tag="260">
      <subfield code="c">2019-04-10</subfield>
   </datafield>
   <datafield ind2=" " ind1=" " tag="520">
      <subfield code="a">El 30% del talent digital a Barcelona prové de l'estranger segons l'informe Digital Talent Overview 2019. Aquesta és la tendència destacada de la primera quinzena del mes d'abril.El TROP, el formen un conjunt de recursos de suport per a l'estudi i anàlisi estratègica de tendències, reptes, oportunitats i posicionament (TROP) de l'economia per a l'impuls del desenvolupament econòmic metropolità.</subfield>
   </datafield>
   <datafield ind1="8" ind2=" " tag="024">
      <subfield code="a">https://hdl.handle.net/20.500.14439/1901</subfield>
   </datafield>
   <datafield ind1="8" ind2=" " tag="024">
      <subfield code="a">7579079</subfield>
   </datafield>
   <datafield tag="653" ind2=" " ind1=" ">
      <subfield code="a">Tecnologia</subfield>
   </datafield>
   <datafield tag="653" ind2=" " ind1=" ">
      <subfield code="a">Ocupació</subfield>
   </datafield>
   <datafield tag="653" ind2=" " ind1=" ">
      <subfield code="a">Preservació digital</subfield>
   </datafield>
   <datafield tag="653" ind2=" " ind1=" ">
      <subfield code="a">Intel·ligència artificial</subfield>
   </datafield>
   <datafield ind2="0" ind1="0" tag="245">
      <subfield code="a">TROP tendències, reptes, oportunitats i posicionament : butlletí quinzenal. Núm. 29, 1a quinzena d'Abril de 2019</subfield>
   </datafield>
</record></metadata></record></GetRecord></OAI-PMH>